000 00311nam a22001217a 4500
008 180209b xxu||||| |||| 00| 0 eng d
041 _aeng
080 _a61
100 _a3
101 _aSHM
245 _aTHE FINANCING OF MEDICAL SCHOOLS IN AN ERA OF HEALTH CARE REFORM
_cELI.G
942 _2udc
_cBK
999 _c42214
_d42214